01509nam a2200349 a 4500001001000000003000500010005001700015008004100032010001100073011001100084040000900095090001000104100003600114245017900150260004100329500006000370502008500430590004100515590004000556590004000596650004000636650003200676650002500708650003800733856007000771901000700841942001000848942000600858999001900864952014000883952013601023000111242CHAP20220329144204.0150121s2014 mx a fsm |||||||spa d a107704 a108676 cCHAP aTesis1 aRuiz Rios, Diana Andrea912907410aMetabolitos secundarios en aceite esencial de romero (Rosmarinus officinalis L.) cultivado en hidroponia, acuaponia y campo abiertoh[En línea]cpor Diana Andrea Ruiz Rios. aChapingo, Méx. :bEl autor,c2014. aPara ver el contenido del material haga clic en la liga aTesis (Agrónomo en Horticultura Protegida) -- UACH. Departamento de Fitotecnia aE11695DGDb10c20150123lUCH01h1119 aE6096MTMb05c20150121lUCH01h1456 aE6096MTMb05c20150121lUCH01h145714aAceites vegetalesxAnálisis.945814aExtractos vegetales.93921414aHidroponía.95528014aSistemas de producción.9106767 aFinding aiduhttp://10.13.5.2/tesis/sist111242.pdfzTeclea aquí aBK cTESIS n0 c107704d107704 00102local4053708TESISaBCbBCcPA_TESISd2015-01-21fTESISl0oTesisp33724002441702r2019-12-31 00:00:00tc.2w2019-12-31yTESIS 00104054718TESISaBCbBCd2015-01-21fTESISl0oTesisp33724002441743r2019-12-31 00:00:00w2019-12-31yTESISzRecien adquirido